| 000 | 00771nam a22002417a 4500 | ||
|---|---|---|---|
| 999 |
_c3859 _d3859 |
||
| 003 | AR-CdUCM | ||
| 008 | 190307b ||||| |||| 00| 0 spa d | ||
| 040 |
_aMUNICIPALIDAD PROVINCIAL DEL CUSCO _cBIBLIOTECA MUNICIPAL DEL CUSCO |
||
| 041 | _hrus | ||
| 082 |
_a370.1 / _bOG37 |
||
| 100 |
_aOgnev, N. _912402 |
||
| 245 | _aEl diario de Costia Riabtsev / | ||
| 260 |
_aMadrid : _bEspasa-Calpe, |
||
| 300 |
_a284 páginas ; _c18 cm. |
||
| 505 | _aContenido: Primer trimestre -- Segundo trimestre -- Trimestre estival. | ||
| 650 |
_aEducación _9460 |
||
| 650 |
_aEscula Soviética _912403 |
||
| 650 |
_aEscuela _91856 |
||
| 700 |
_aEnco de Valero, Tatiana (traductora) _912404 |
||
| 700 |
_aJarnés, Benjamín (traductor) _912405 |
||
| 942 |
_2ddc _cLIBROS |
||
| 945 | _azta | ||